<?xml version="1.0" encoding="UTF-8"?>
<record
    xmlns:xsi="http://www.w3.org/2001/XMLSchema-instance"
    xsi:schemaLocation="http://www.loc.gov/MARC21/slim http://www.loc.gov/standards/marcxml/schema/MARC21slim.xsd"
    xmlns="http://www.loc.gov/MARC21/slim">

  <leader>01312nam a2200193 a 4500</leader>
  <controlfield tag="008">161215e2004    ag  |||g  ||| 000 f spa d</controlfield>
  <datafield tag="020" ind1=" " ind2=" ">
    <subfield code="a">9871093829</subfield>
  </datafield>
  <datafield tag="041" ind1=" " ind2=" ">
    <subfield code="a">spa</subfield>
  </datafield>
  <datafield tag="092" ind1=" " ind2=" ">
    <subfield code="c">808</subfield>
    <subfield code="l">17</subfield>
    <subfield code="s">DOS</subfield>
  </datafield>
  <datafield tag="100" ind1="1" ind2=" ">
    <subfield code="a">Dostoievski, Fi&#xF3;dor.</subfield>
    <subfield code="9">4329</subfield>
  </datafield>
  <datafield tag="245" ind1=" " ind2=" ">
    <subfield code="a">Cr&#xED;men y Castigo /</subfield>
    <subfield code="c">Fi&#xF3;dor Dostoievski</subfield>
  </datafield>
  <datafield tag="250" ind1=" " ind2=" ">
    <subfield code="a">1a ed.</subfield>
    <subfield code="b">Traducci&#xF3;n Carmen Llamazares</subfield>
  </datafield>
  <datafield tag="260" ind1=" " ind2=" ">
    <subfield code="a">Buenos Aires:</subfield>
    <subfield code="b">Gradifco;</subfield>
    <subfield code="c">2004.</subfield>
  </datafield>
  <datafield tag="300" ind1=" " ind2=" ">
    <subfield code="a">416 p.</subfield>
    <subfield code="c">20x14 cm.</subfield>
  </datafield>
  <datafield tag="500" ind1=" " ind2=" ">
    <subfield code="a">Dostoievski, F. (2004). Crimen y Castigo. (1a ed.). Buenos Aires : Gradifco.</subfield>
  </datafield>
  <datafield tag="505" ind1=" " ind2=" ">
    <subfield code="a">Crimen y Castigo es para algunos la obra maestra de Fedor Dostoievski, el gran novelista ruso que retrat&#xF3; a su pueblo como pocos, siendo capaz de abarcar las profundidades del alma humana, universales e intemporales. El h&#xE9;roe de la novela es Raskolnikov, un joven estudiante que decide asesinar a una usurera; el conflicto es el dilema &#xE9;tico, descripto mediante el complicado proceso mental del protagonista, en una obra de hondura psicol&#xF3;gica inigualable. Situada en una miserable e impiadosa San Petersburgo, la novela es una cl&#xE1;sico de la literatura universal que es redescubierto generaciones tras generaci&#xF3;n, plagada de im&#xE1;genes pat&#xE9;ticas, violentas, terribles, pero con un fondo de esperanza entre tanta oscuridad. </subfield>
  </datafield>
  <datafield tag="655" ind1=" " ind2=" ">
    <subfield code="a">Novela</subfield>
    <subfield code="9">3091</subfield>
  </datafield>
  <datafield tag="942" ind1=" " ind2=" ">
    <subfield code="2">ddc</subfield>
    <subfield code="c">LIT</subfield>
  </datafield>
  <datafield tag="999" ind1=" " ind2=" ">
    <subfield code="c">3280</subfield>
    <subfield code="d">3280</subfield>
  </datafield>
  <datafield tag="952" ind1=" " ind2=" ">
    <subfield code="0">0</subfield>
    <subfield code="1">0</subfield>
    <subfield code="2">ddc</subfield>
    <subfield code="4">0</subfield>
    <subfield code="7">0</subfield>
    <subfield code="a">BFM</subfield>
    <subfield code="b">BFM</subfield>
    <subfield code="c">CR</subfield>
    <subfield code="d">2025-07-24</subfield>
    <subfield code="e">Donaci&#xF3;n Navarro, Adriana. Julio 2025</subfield>
    <subfield code="l">1</subfield>
    <subfield code="m">4</subfield>
    <subfield code="o">808 17 DOS</subfield>
    <subfield code="p">5054</subfield>
    <subfield code="r">2026-03-13</subfield>
    <subfield code="s">2025-09-29</subfield>
    <subfield code="t">Ej. 1</subfield>
    <subfield code="w">2025-07-24</subfield>
    <subfield code="y">LIT</subfield>
    <subfield code="z">Donaci&#xF3;n Navarro, Adriana. Julio 2025. Sede Tordos.</subfield>
    <subfield code="f"></subfield>
  </datafield>
</record>
